000 01764nam a22002657a 4500
003 UA-OsUOA
001 133532
007 ta
008 20181026b un ||||| |||| 00| 0 ukr d
090 _bM-67
942 _cMGN
040 _aUA-OsUOA
_bger
_cUA-OsUOA
_dUA-OsUOA
245 _aMomentum Quarterly
_cHans Asenbaum ist Doktorand am Institut fur Politikwissenschaft der Universitat Wien.
955 _a1
041 _ager
856 4 0 _uhttps://www.momentum-quarterly.org/ojs2/index.php/momentum/issue/view/212
520 3 _aDer Verein Momentum versucht Wissenschaft, Politik und Praxis zu verbinden, zu verandern und so zu sozialem Fortschritt beizutragen. Zu diesem Zweck organisiert der Verein einmal jahrlich den Momentum Kongress und veroffentlicht vierteljahrlich die wi
520 3 _assenschaftliche Zeitschrift Momentum Quarterly:Im Rahmen des Momentum Kongresses treffen sich jeden Herbst rund 250 WissenschaftlerInnen, politisch Engagierte, Studierende und Menschen, die in unterschiedlichen gesellschaftlichen Bereichen arbeite
520 3 _an im UNESCO Weltkultuerbeort Hallstatt in Oberosterreich. Jedes Jahr steht der Kongress unter einem anderen Motto – wie zum Beispiel Freiheit, Gleichheit, Gerechtigkeit und Solidaritat. Zum Generalthema werden mehrere Tracks (Workshops) mit verschiede
520 3 _anen Schwerpunkten angeboten. Sie sind das Herzstuck von Momentum. Hier werden die Ideen und Thesen der TeilnehmerInnen diskutiert und neue Ma?nahmen entwickelt. Geleitet werden die Workshops von namhaften Wissenschaftlerinnen oder Fachleuten aus der P
520 3 _araxis. Zudem gibt es ein umfassendes Rahmenprogramm aus Lesungen, Diskussionen, Martinees und gemeinsamem Feiern.
260 _c2017
246 3 1 _a1
_n
650 7 _2UDC
999 _c422384
_d422384